000 00829nam a2200301Ia 4500
001 054881
008 221003s2019 xx 000 0 spa d
020 _a978-84-9888-882-9
035 _aCENDO_44397
041 _aspa
084 _aCD-15511
100 _aRODRIGUEZ-PALOP, María Eugenia
_916127
245 0 _aRevolución feminista y políticas de lo común frente a la extrema derecha /
_cMaría Eugenia Rodríguez-Palop
260 _aBarcelona :
_bIcaria,
_c2019
300 _a151 p. ;
_c 21 cm
490 _aMás Madera ;
_v148
650 0 _aMOVIMIENTO FEMINISTA
_94309
650 _aPOLITICA
_9547
650 _aMUJERES
_9199
650 _aPARTIDO POLITICO
_9803
650 0 _aVIOLENCIA
_92442
901 _a1
903 _aNO
904 _a000
910 _a2019
942 _cMONOGRAFIA
_2ddc
999 _c44396
_d44396